00476nam a2200133 a 450000100100000000500170001000800410002704000250006808200150009310000450010824500890015326000790024230000210032100002990720250129172553.0110426s1977 dr 000 0 spa d aDO-SdBNPcspabBNPHU axxxbH519t1 aHenríquez Gratereaux, Federico,d1937-10aTecnología, cambio y la universidad católica /cFederico Henríquez Gratereaux. aSantiago de los Caballeros :bUniversidad Catolica Madre y Maestra,c1977. a[6] p. ;c22 cm.